| 000 | 00804cam a2200229 a 4500 | ||
|---|---|---|---|
| 001 | 000005993 | ||
| 005 | 20200929151856.0 | ||
| 008 | 860827s1988 pr a 001 p spa | ||
| 020 | _a0865813906 | ||
| 040 |
_aDO-SdBNP _cDLC _dDLC |
||
| 082 |
_aPR861.44 _bC837d |
||
| 100 | 1 |
_aCosta, Marithelma. _d1955- _916886 |
|
| 245 | 1 | 0 |
_aDe tierra y de agua / _cMarithelma Costa. |
| 260 |
_aSan Juan (Puerto Rico) : _bInstituto de Cultura Puertorriquñna ; _bDivisión de Publicaciones y Grabaciones, _c1988. |
||
| 300 |
_a107 p. : _bil. ; _c18 cm. |
||
| 490 | 1 |
_aLetras contemporáneas _aPoesía |
|
| 650 | 4 |
_aPoesía puertorriqueña _91015 |
|
| 650 | 4 |
_aLiteratura puertorriqueña _ySIGLO XX _95311 |
|
| 830 | 0 |
_aLetras contemporáneas, _pPoesía. _916887 |
|
| 910 | _aCatalogación por copia / LC | ||
| 049 | _aBNGR | ||
| 999 |
_c5789 _d5789 |
||